000 00434nam a2200181Ia 4500
001 5091
005 20260306145843.0
008 260306t2011||||xx |||||||||||||| ||spa||
041 _aESP
082 _a332.678
_bS716 2011
100 _aSapag Chain, Nassir
_eAUT
245 0 _aProyectos de inversión:
_bformulación y evaluación
260 _c2011
300 _a
_c
650 _aGEN
654 _aCAN
942 _cLIB
_dJUS
_fJUS
_2ddc
_n
999 _c5091
_d5091